000 00307nam a22001097a 4500
008 230703b xxu||||| |||| 00| 0 eng d
082 _a342
_bCKRC
245 _aDraft Bill of the Constitution of Kenya Review Commission
260 _bConstitution of Kenya Review Commission
300 _a77p
942 _2ddc
_cBK
999 _c3504
_d3504